[Event "Mechanics' Fall TNM; 30/90, SD/30"]
[Site "?"]
[Date "2012.10.30"]
[Round "3.15"]
[White "Shi, Jaysen"]
[Black "Delmonico, Nils"]
[Result "0-1"]
[WhiteElo "1658"]
[BlackElo "1899"]
[PlyCount "84"]
[EventDate "2012.??.??"]

1. e4 e6 2. d4 d5 3. exd5 exd5 4. Nf3 Bd6 5. h3 Bf5 6. c4 Qe7+ 7. Qe2 Qxe2+ 8.
Bxe2 dxc4 9. Bxc4 Nf6 10. O-O O-O 11. Nc3 Nc6 12. Nb5 Rad8 13. Nxd6 Rxd6 14.
Bf4 Rd7 15. Bb5 Nd5 16. Be3 f6 17. Rac1 Re8 18. Bxc6 bxc6 19. Rxc6 Be4 20. Ra6
Bd3 21. Rxa7 Bxf1 22. Kxf1 Nxe3+ 23. fxe3 Rxe3 24. b4 Rde7 25. b5 Kf8 26. a4
Rb3 27. Rb7 Ra3 28. Ra7 Ra2 29. a5 Ke8 30. a6 Kd8 31. Rb7 Kc8 32. Kg1 Ree2 33.
b6 Rxg2+ 34. Kh1 Rgc2 35. Ra7 Rc1+ 36. Ng1 cxb6 37. Rxg7 Rxa6 38. Rxh7 Raa1 39.
Rg7 b5 40. h4 b4 41. h5 Rxg1+ 42. Rxg1 Rxg1+ 0-1

[Event "Mechanics' Summer TNM; 30/90, SD/30"]
[Site "San Francisco"]
[Date "2012.07.10"]
[Round "8.5"]
[White "Shi, Jaysen"]
[Black "Lopez, Jorge"]
[Result "0-1"]
[WhiteElo "1537"]
[BlackElo "2182"]
[PlyCount "144"]
[EventDate "2012.??.??"]

1. e4 d6 2. d4 c6 3. Nf3 Qc7 4. Nc3 Nd7 5. Be3 g6 6. Bc4 b5 7. Bb3 h6 8. d5 c5
9. Nxb5 Qa5+ 10. Nc3 Ba6 11. Ba4 Ngf6 12. e5 dxe5 13. Nxe5 Bg7 14. Nc6 Qc7 15.
Nb5 Qb7 16. c4 Bxb5 17. cxb5 a6 18. Qd3 Nxd5 19. Qxd5 axb5 20. Bc2 Bxb2 21. Rd1
Bc3+ 22. Bd2 Nf6 23. Qf3 Bxd2+ 24. Rxd2 O-O 25. O-O Rxa2 26. Re1 Re8 27. Rde2
Kg7 28. h3 e6 29. Be4 Rxe2 30. Rxe2 Qc7 31. Qc3 Rc8 32. Re3 b4 33. Qb2 c4 34.
Nxb4 c3 35. Qc2 Rd8 36. Rd3 Rc8 37. Bc6 Rb8 38. Qxc3 Rxb4 39. Qxb4 Qxc6 40. Qb2
Qe4 41. Rf3 e5 42. Re3 Qd4 43. Qxd4 exd4 44. Rd3 Nd5 45. Rxd4 Ne7 46. g4 Nc6
47. Ra4 Ne7 48. Kg2 g5 49. Kg3 Ng6 50. Ra6 Nf4 51. Ra4 Ng6 52. Kf3 Ne5+ 53. Ke4
Ng6 54. Kf5 Ne7+ 55. Ke5 Ng6+ 56. Kd6 Kf6 57. Kd7 Nf8+ 58. Ke8 Ng6 59. Ra6+ Kg7
60. Rxg6+ Kxg6 61. Kf8 Kf6 62. Kg8 Kg6 63. Kh8 f6 64. Kg8 f5 65. gxf5+ Kxf5 66.
Kh7 h5 67. Kh6 h4 68. Kh5 Kf4 69. Kg6 g4 70. hxg4 Kxg4 71. Kf6 h3 72. Ke5 Kf3
0-1

[Event "Mechanics' Summer TNM; 30/90, SD/30"]
[Site "San Francisco"]
[Date "2012.06.26"]
[Round "6.19"]
[White "Shi, Jaysen"]
[Black "Miller, David"]
[Result "1-0"]
[WhiteElo "1537"]
[BlackElo "1809"]
[PlyCount "57"]
[EventDate "2012.??.??"]

1. e4 e5 2. Nf3 d6 3. d4 exd4 4. Nxd4 g6 5. Nc3 Bg7 6. Bc4 Ne7 7. Be3 Nbc6 8.
Qd2 Nxd4 9. Bxd4 Bxd4 10. Qxd4 Rf8 11. O-O-O Be6 12. Nd5 Bxd5 13. Bxd5 Nc6 14.
Bxc6+ bxc6 15. f4 f6 16. Qc4 Qd7 17. Rhe1 Ke7 18. e5 fxe5 19. fxe5 d5 20. Qb4+
Ke6 21. Rf1 Qe7 22. Qc3 c5 23. Qh3+ Rf5 24. Rxf5 gxf5 25. Qh6+ Kd7 26. Rxd5+
Kc8 27. Qa6+ Kb8 28. e6 Qh4 29. g3 1-0

[Event "Mechanics' Fall TNM; 30/90, SD/30"]
[Site "San Francisco"]
[Date "2012.12.04"]
[Round "8.15"]
[White "Shi, Jaysen"]
[Black "Woebcke, Carl"]
[Result "1/2-1/2"]
[WhiteElo "1658"]
[BlackElo "1786"]
[PlyCount "72"]
[EventDate "2012.??.??"]

1. e4 c5 2. Nf3 d6 3. d4 cxd4 4. Nxd4 Nf6 5. Nc3 a6 6. Bc4 e6 7. Be3 b5 8. Bb3
Be7 9. f3 O-O 10. Qd2 Nbd7 11. Nc6 Qe8 12. O-O-O Nc5 13. Nxe7+ Qxe7 14. Qxd6
Nxb3+ 15. axb3 Qxd6 16. Rxd6 e5 17. Bg5 Ne8 18. Rd8 Nc7 19. Rhd1 Ne6 20. Rxf8+
Kxf8 21. Be3 Ke8 22. Nd5 Bb7 23. Nb6 Rd8 24. Rxd8+ Kxd8 25. c4 Kc7 26. Nd5+ Kd6
27. Nc3 Bc6 28. Kc2 g6 29. Na2 f5 30. Nb4 Bb7 31. Kc3 fxe4 32. fxe4 Bxe4 33. g3
a5 34. Nd3 b4+ 35. Kd2 Nd4 36. Bxd4 exd4 1/2-1/2

[Event "Mechanics' Fall TNM; 30/90, SD/30"]
[Site "San Francisco"]
[Date "2012.10.16"]
[Round "1.4"]
[White "Shi, Jaysen"]
[Black "Wong, Russell"]
[Result "0-1"]
[WhiteElo "1658"]
[BlackElo "2212"]
[PlyCount "72"]
[EventDate "2012.??.??"]

1. e4 Nf6 2. e5 Nd5 3. d4 d6 4. c4 Nb6 5. exd6 exd6 6. d5 Be7 7. h3 O-O 8. Bd3
Re8 9. Nc3 N8d7 10. Nge2 Ne5 11. Qc2 g6 12. b3 Bf6 13. Bb2 Nxd3+ 14. Qxd3 Bf5
15. Qd2 a5 16. O-O a4 17. Nxa4 Nxa4 18. Bxf6 Qxf6 19. bxa4 Rxa4 20. Rac1 Rea8
21. Qf4 Qb2 22. Nd4 Bd3 23. Rfd1 Rxc4 24. Rxc4 Bxc4 25. Nf5 gxf5 26. Qxc4 Rxa2
27. Qf4 Qf6 28. Qc4 Ra1 29. Rc1 Qb2 30. Rxa1 Qxa1+ 31. Kh2 Qe5+ 32. g3 h6 33.
Qb5 c6 34. Qxb7 Qxd5 35. Qb8+ Kg7 36. Qb2+ Qe5 0-1

[Event "Mechanics' Summer TNM; 30/90, SD/30"]
[Site "San Francisco"]
[Date "2012.06.05"]
[Round "3.13"]
[White "Shi, Jaysen"]
[Black "Zavadsky, Peter"]
[Result "0-1"]
[WhiteElo "1537"]
[BlackElo "2307"]
[Annotator "Donaldson"]
[PlyCount "46"]
[EventDate "2012.??.??"]

1. e4 c5 2. Nf3 d6 3. d4 cxd4 4. Nxd4 Nf6 5. Nc3 a6 6. Bd3 Nc6 7. Nb3 g6 8. h3
Bg7 9. Be3 O-O 10. Qd2 Be6 11. Bh6 b5 12. Bxg7 Kxg7 13. Ne2 Qb6 14. Nf4 Bc4 15.
O-O e5 16. Ne2 d5 17. exd5 Bxd5 18. Nc3 Rad8 19. Qe2 $2 e4 $1 20. Bxb5 axb5 21.
Qxb5 Qxb5 22. Nxb5 Bc4 23. N3d4 Nxd4 0-1

[Event "Mechanics' Summer TNM; 30/90, SD/30"]
[Site "San Francisco"]
[Date "2012.05.29"]
[Round "2.18"]
[White "Shnaiderman, Lazar"]
[Black "Baker, Morgan"]
[Result "1-0"]
[WhiteElo "1889"]
[BlackElo "1354"]
[PlyCount "93"]
[EventDate "2012.??.??"]

1. d4 d5 2. c4 dxc4 3. Nf3 Nf6 4. e3 Bf5 5. Bxc4 Nc6 6. O-O e6 7. Nc3 Bd6 8.
Re1 Bg4 9. Be2 a6 10. e4 Bb4 11. e5 Ne4 12. Nxe4 Bxe1 13. Qxe1 Bxf3 14. Bxf3
Qxd4 15. Nc3 O-O 16. Bxc6 bxc6 17. Qe4 Rfd8 18. Be3 Qxe4 19. Nxe4 Rab8 20. b3
Rd5 21. f4 Rbd8 22. Kf2 h6 23. Rc1 Ra5 24. Rc2 Kh7 25. Kf3 Kg6 26. g4 f5 27.
gxf5+ exf5 28. Rxc6+ Kh7 29. Ng3 Rxa2 30. Nxf5 Rxh2 31. Rxc7 Rh3+ 32. Kg4 Rxe3
33. Nxe3 Rd3 34. Nf5 Rxb3 35. Rxg7+ Kh8 36. Ra7 Rb6 37. Kh5 Rb4 38. Kg6 Rb8 39.
Rh7+ Kg8 40. Nxh6+ Kf8 41. Rh8+ Ke7 42. Rxb8 a5 43. f5 a4 44. Rb7+ Kd8 45. f6
Kc8 46. Rh7 a3 47. f7 1-0

[Event "Mechanics' Fall TNM; 30/90, SD/30"]
[Site "San Francisco"]
[Date "2012.11.27"]
[Round "7.15"]
[White "Shnaiderman, Lazar"]
[Black "Flores, David"]
[Result "1-0"]
[WhiteElo "1851"]
[BlackElo "1539"]
[PlyCount "81"]
[EventDate "2012.??.??"]

1. d4 c5 2. d5 Nf6 3. c4 e6 4. Nc3 exd5 5. cxd5 g6 6. Nf3 Bg7 7. e4 O-O 8. Be2
Re8 9. Nd2 d6 10. O-O a6 11. a4 Nbd7 12. Qc2 Nh5 13. Nc4 Ne5 14. Nxe5 Bxe5 15.
Bxh5 gxh5 16. Ne2 Qh4 17. f4 Bg7 18. Ra3 Kh8 19. Be3 Bd7 20. Bf2 Qf6 21. f5
Qxb2 22. Qxb2 Bxb2 23. Rb3 Bg7 24. Rxb7 Bxa4 25. Nf4 Kg8 26. Nxh5 Rab8 27. Rxb8
Rxb8 28. Nxg7 Kxg7 29. Bg3 Rd8 30. Rc1 Bb5 31. Kf2 c4 32. Ke3 f6 33. Kd4 Kf7
34. Be1 h5 35. Bb4 Ke7 36. Rc3 Rg8 37. Rg3 Rg4 38. Rxg4 hxg4 39. Ke3 Ba4 40.
Kd4 Bb3 41. h4 1-0

[Event "Mechanics' Fall TNM; 30/90, SD/30"]
[Site "San Francisco"]
[Date "2012.11.13"]
[Round "5.20"]
[White "Shnaiderman, Lazar"]
[Black "Frank, Robert"]
[Result "1-0"]
[WhiteElo "1851"]
[BlackElo "1263"]
[PlyCount "51"]
[EventDate "2012.??.??"]

1. d4 Nf6 2. c4 e6 3. Nf3 Bb4+ 4. Bd2 Qe7 5. g3 O-O 6. Bg2 d5 7. O-O Ne4 8. Qc2
Nxd2 9. Nbxd2 c6 10. e4 dxc4 11. Nxc4 Nd7 12. a3 Bd6 13. Nxd6 Qxd6 14. Rad1 b5
15. e5 Qc7 16. Ng5 g6 17. Qxc6 Qxc6 18. Bxc6 Rb8 19. Ne4 Rb6 20. Bxd7 Bxd7 21.
Nf6+ Kg7 22. Nxd7 Rc6 23. Nxf8 Kxf8 24. Rc1 Rb6 25. b4 Rb8 26. Rc7 1-0

[Event "Mechanics' Spring TNM; 30/90, SD/30"]
[Site "San Francisco"]
[Date "2012.03.13"]
[Round "1.23"]
[White "Shnaiderman, Lazar"]
[Black "Graham, Ryan"]
[Result "1-0"]
[WhiteElo "1873"]
[BlackElo "1284"]
[PlyCount "119"]
[EventDate "2012.??.??"]

1. d4 Nf6 2. c4 e6 3. Nf3 b6 4. g3 Ba6 5. Qa4 Ne4 6. Bg2 Bb7 7. O-O Nc6 8. Rd1
Na5 9. Qc2 Nd6 10. Nbd2 Rc8 11. b4 Nc6 12. a3 a5 13. Qb3 Nf5 14. d5 exd5 15.
cxd5 a4 16. Qd3 Nce7 17. e4 Nh6 18. Bb2 Ng6 19. Rac1 f6 20. e5 Ng4 21. exf6
Nxf6 22. Re1+ Kf7 23. Ng5+ Kg8 24. h4 Bd6 25. Bxf6 gxf6 26. Nh3 Ne5 27. Qf5 Qe7
28. f4 Qg7 29. fxe5 Bxe5 30. Rc4 h5 31. Rxe5 fxe5 32. Qg5 Rh6 33. Qxg7+ Kxg7
34. b5 Rd6 35. Rxa4 Bxd5 36. Ne4 Bxe4 37. Rxe4 Rd1+ 38. Kh2 Kf6 39. Ng5 d5 40.
Re2 c5 41. Rf2+ Kg6 42. Bh3 Ra8 43. Bf5+ Kg7 44. Bc2 Re1 45. Rf7+ Kg8 46. Bh7+
Kh8 47. Bg6 Rxa3 48. Rh7+ Kg8 49. Bxh5 Rxg3 50. Kxg3 Rg1+ 51. Kf2 Rxg5 52. hxg5
Kxh7 53. Bf7 d4 54. Kf3 Kg7 55. Bc4 Kg6 56. Ke4 Kxg5 57. Kxe5 Kg4 58. Kd6 Kf4
59. Kc6 Ke4 60. Kxb6 1-0

[Event "Mechanics' Summer TNM; 30/90, SD/30"]
[Site "San Francisco"]
[Date "2012.06.26"]
[Round "6.10"]
[White "Shnaiderman, Lazar"]
[Black "Grey, Peter"]
[Result "1-0"]
[WhiteElo "1889"]
[BlackElo "2000"]
[PlyCount "97"]
[EventDate "2012.??.??"]

1. d4 Nf6 2. c4 g6 3. Nc3 d5 4. cxd5 Nxd5 5. e4 Nxc3 6. bxc3 Bg7 7. Be3 c5 8.
Qd2 Qa5 9. Rc1 Nc6 10. d5 Ne5 11. h3 O-O 12. f4 Nd7 13. c4 Qa3 14. Nf3 Nb6 15.
Bd3 Na4 16. e5 a6 17. O-O Bd7 18. Rb1 Qc3 19. Qxc3 Nxc3 20. Rxb7 Rfd8 21. Bxc5
Bf8 22. Bd4 Na4 23. Rfb1 Be8 24. Bc2 Rdc8 25. Bxa4 Bxa4 26. R1b4 Bc2 27. Nd2 h5
28. Kf2 a5 29. Rb2 Bd3 30. c5 Rd8 31. d6 exd6 32. cxd6 f6 33. Bb6 Rdb8 34. Rxb8
Rxb8 35. Ke3 Bf5 36. Ne4 fxe5 37. fxe5 Bh6+ 38. Kd4 Kf7 39. Nc5 Bg5 40. Nd3
Bxd3 41. Kxd3 Ke6 42. Ke4 Bd8 43. Bd4 Rxb2 44. Bxb2 a4 45. Bc1 Bb6 46. Bg5 Ba5
47. Kd4 Be1 48. Bf6 -- 49. Kc5 1-0

[Event "Mechanics' Spring TNM; 30/90, SD/30"]
[Site "San Francisco"]
[Date "2012.04.03"]
[Round "4.6"]
[White "Shnaiderman, Lazar"]
[Black "Lopez, Jorge"]
[Result "0-1"]
[WhiteElo "1873"]
[BlackElo "2182"]
[PlyCount "70"]
[EventDate "2012.??.??"]

1. d4 Nf6 2. c4 e6 3. Nf3 b6 4. g3 Bb7 5. Bg2 Bb4+ 6. Bd2 Bxd2+ 7. Qxd2 Qe7 8.
O-O O-O 9. Nc3 Ne4 10. Nxe4 Bxe4 11. Ne1 Bxg2 12. Nxg2 f5 13. e3 d6 14. b4 Nd7
15. Rac1 a5 16. b5 Rae8 17. Rfe1 Nf6 18. Qd3 Ne4 19. Nf4 g5 20. Ne2 g4 21. Nc3
Ng5 22. Kg2 Qf7 23. h4 gxh3+ 24. Kh2 Nf3+ 25. Kxh3 Nxe1 26. Rxe1 e5 27. d5 f4
28. exf4 exf4 29. Ne4 Qh5+ 30. Kg2 f3+ 31. Kg1 Re5 32. Re3 Qf5 33. Kf1 Rfe8 34.
g4 Qg6 35. Rxf3 Rxe4 0-1

[Event "Mechanics' Spring TNM; 30/90, SD/30"]
[Site "San Francisco"]
[Date "2012.05.01"]
[Round "8.13"]
[White "Shnaiderman, Lazar"]
[Black "Melville, Cailen"]
[Result "0-1"]
[WhiteElo "1873"]
[BlackElo "1757"]
[PlyCount "106"]
[EventDate "2012.??.??"]

1. d4 e6 2. c4 b6 3. Nf3 Bb7 4. g3 f5 5. Bg2 Nf6 6. O-O Be7 7. Nc3 Ne4 8. d5
Nxc3 9. bxc3 O-O 10. Qb3 Na6 11. Rd1 Nc5 12. Qc2 Qc8 13. Nd4 g6 14. Nb3 e5 15.
Nxc5 Bxc5 16. a4 Rf6 17. Ba3 Qf8 18. Qb3 Qd6 19. Bxc5 Qxc5 20. Qb4 Ba6 21. Rdb1
e4 22. Qxc5 bxc5 23. f3 e3 24. f4 d6 25. Bf3 Rff8 26. Rb2 Kf7 27. Rab1 Ke7 28.
Kf1 Kd7 29. Ke1 Bxc4 30. a5 a6 31. h4 h5 32. Kd1 Ra7 33. Rb8 Rc8 34. R8b2 Bb5
35. Kc2 c6 36. dxc6+ Bxc6 37. Bxc6+ Rxc6 38. Kd3 d5 39. Kxe3 Kd6 40. Rb7 Ra8
41. Rg7 Re8+ 42. Kf3 Re6 43. Rbb7 c4 44. e3 Kc5 45. Rgd7 Re8 46. Rb6 Rxb6 47.
axb6 Kc6 48. Rg7 Kxb6 49. Rxg6+ Kb5 50. Rd6 Ka4 51. Rxd5 Kb3 52. Rd6 Kxc3 53.
Rxa6 Kc2 {remainder illegible} 0-1

[Event "Mechanics' Spring TNM; 30/90, SD/30"]
[Site "San Francisco"]
[Date "2012.04.17"]
[Round "6.14"]
[White "Shnaiderman, Lazar"]
[Black "Standen, Julian"]
[Result "1/2-1/2"]
[WhiteElo "1873"]
[BlackElo "1600"]
[PlyCount "67"]
[EventDate "2012.??.??"]

1. d4 d5 2. c4 c6 3. Nc3 Nf6 4. Nf3 dxc4 5. e4 b5 6. e5 Nd5 7. a4 Nxc3 8. bxc3
e6 9. axb5 cxb5 10. Ng5 Bb7 11. Qh5 g6 12. Qg4 Be7 13. Be2 O-O 14. Qh4 Bxg5 15.
Bxg5 f6 16. Bxf6 Qe8 17. Qh6 Qf7 18. O-O Nd7 19. Bg5 Nb6 20. h4 Qg7 21. Qxg7+
Kxg7 22. Be7 Rf7 23. Bc5 Na4 24. Rxa4 bxa4 25. Bxc4 Bd5 26. Bxd5 exd5 27. Ra1
Rb7 28. Rxa4 a6 29. Rb4 Rxb4 30. cxb4 Kf7 31. g4 Ke6 32. Kg2 Rb8 33. Kg3 Rb7
34. f3 1/2-1/2

[Event "Mechanics' Winter TNM; 30/90, SD/30"]
[Site "San Francisco"]
[Date "2012.02.07"]
[Round "6.11"]
[White "Shnaiderrman, Lazar"]
[Black "Dembling, Arthur"]
[Result "1/2-1/2"]
[WhiteElo "1873"]
[BlackElo "1736"]
[Annotator "Donaldson"]
[PlyCount "58"]
[EventDate "2012.??.??"]

1. d4 Nf6 2. c4 e6 3. Nf3 b6 4. e3 Ba6 5. Bd3 Be7 6. Nc3 Bb7 7. O-O O-O 8. e4
d6 9. Qc2 (9. e5) 9... Nc6 10. a3 e5 11. d5 Nb8 12. b4 Nbd7 13. Ne2 Re8 14. Ng3
Nf8 15. Nf5 Bc8 16. Nxe7+ Qxe7 17. Ne1 (17. Be3) 17... a5 18. b5 (18. Bb2) (18.
Rb1) 18... Ng6 19. g3 Bh3 20. Ng2 Nd7 21. Re1 Nc5 22. Be3 Qf6 23. Bxc5 bxc5 (
23... dxc5) 24. Bf1 Qg5 25. f3 h5 26. Qf2 Rf8 27. Ra2 Rae8 28. Qe3 Qxe3+ 29.
Nxe3 Bd7 1/2-1/2

[Event "Mechanics' Winter TNM; 30/90, SD/30"]
[Site "San Francisco"]
[Date "2012.01.10"]
[Round "2.13"]
[White "Shnaiderrman, Lazar"]
[Black "Goins, Demetrius"]
[Result "1/2-1/2"]
[WhiteElo "1873"]
[BlackElo "2100"]
[PlyCount "60"]
[EventDate "2012.??.??"]

1. d4 d5 2. c4 e6 3. Nf3 Nf6 4. g3 Be7 5. Bg2 O-O 6. O-O Nbd7 7. Qc2 b6 8. cxd5
exd5 9. Ne5 Nxe5 10. dxe5 Ng4 11. Rd1 Be6 12. Qc6 Nxe5 13. Qb7 c6 14. Bf4 Qd7
15. Qxd7 Nxd7 16. e4 Nf6 17. Nc3 Nxe4 18. Nxe4 dxe4 19. Bxe4 Rac8 20. b3 Rfd8
21. Rxd8+ Bxd8 22. Rc1 g5 23. Bd6 Bd7 24. Kg2 f5 25. Bd3 Be6 26. Ba6 Bd5+ 27.
Kg1 Bc7 28. Bxc8 Bxd6 29. Bxf5 Kf7 30. Bd7 Ba3 1/2-1/2

[Event "Mechanics' Winter TNM; 30/90, SD/30"]
[Site "San Francisco"]
[Date "2012.02.21"]
[Round "8.15"]
[White "Shnaiderrman, Lazar"]
[Black "Salvo, Tab"]
[Result "1-0"]
[WhiteElo "1873"]
[BlackElo "1714"]
[PlyCount "53"]
[EventDate "2012.??.??"]

1. d4 d6 2. c4 e5 3. Nf3 e4 4. Ng5 f5 5. Nc3 h6 6. Nh3 Nf6 7. Nf4 c6 8. Ng6 Rg8
9. e3 Be6 10. Be2 Bf7 11. Nxf8 Kxf8 12. O-O g5 13. b3 g4 14. Kh1 Nbd7 15. f3
gxf3 16. gxf3 Qe7 17. fxe4 fxe4 18. Bd2 Re8 19. Be1 Qe6 20. Bf2 Qh3 21. Rg1 Ke7
22. Bg3 h5 23. Qf1 Qe6 24. d5 cxd5 25. cxd5 Nxd5 26. Nxd5+ Qxd5 27. Bc4 1-0

[Event "Mechanics' Spring TNM; 30/90, SD/30"]
[Site "San Francisco"]
[Date "2012.04.17"]
[Round "6.12"]
[White "Solomonik, Edgar"]
[Black "Andries, Craig"]
[Result "1-0"]
[WhiteElo "1562"]
[BlackElo "1950"]
[PlyCount "79"]
[EventDate "2012.??.??"]

1. e4 d6 2. d4 Nf6 3. Bd3 g6 4. c4 Bg7 5. Ne2 O-O 6. f3 Nc6 7. Be3 Nb4 8. O-O
e5 9. d5 c6 10. a3 Nxd3 11. Qxd3 cxd5 12. cxd5 Bd7 13. Nbc3 a6 14. a4 Ne8 15.
b4 f5 16. a5 f4 17. Bf2 g5 18. Na4 Bb5 19. Qd2 Nf6 20. Rfc1 h5 21. Nec3 Be8 22.
Nb6 Rb8 23. b5 axb5 24. Rab1 g4 25. Nxb5 Bxb5 26. Rxb5 Qe8 27. Qb4 Qg6 28. Kh1
g3 29. Be1 Rfd8 30. Nc4 Nxe4 31. fxe4 Qxe4 32. Nd2 Qe2 33. Qc4 Qe3 34. Rb3 Qa7
35. Ne4 Rbc8 36. Qxc8 Rxc8 37. Rxc8+ Kh7 38. Rb6 h4 39. Rc7 Kh8 40. Rcxb7 1-0

[Event "Mechanics' Fall TNM; 30/90, SD/30"]
[Site "San Francisco"]
[Date "2012.11.06"]
[Round "4.12"]
[White "Solomonik, Edgar"]
[Black "Flores, David"]
[Result "1/2-1/2"]
[WhiteElo "1651"]
[BlackElo "1539"]
[PlyCount "63"]
[EventDate "2012.??.??"]

1. d4 c5 2. d5 Nf6 3. c4 e6 4. Nc3 exd5 5. cxd5 d6 6. e4 g6 7. f4 Bg7 8. Bb5+
Nfd7 9. a4 O-O 10. Nf3 a6 11. Bc4 Re8 12. Qc2 Nb6 13. Ba2 Bg4 14. O-O a5 15. e5
Na6 16. Be3 Nb4 17. Qf2 Rc8 18. Ne4 N6xd5 19. Nxd6 Nxe3 20. Bxf7+ Kf8 21. Bxe8
Nxf1 22. Ng5 Qxd6 23. exd6 Bd4 24. Qxd4 cxd4 25. d7 Rd8 26. Kxf1 Bxd7 27. Bxd7
Rxd7 28. Rd1 b6 29. Rxd4 Rxd4 30. Ne6+ Ke7 31. Nxd4 Nd3 32. b3 1/2-1/2

[Event "Mechanics' Fall TNM; 30/90, SD/30"]
[Site "San Francisco"]
[Date "2012.12.04"]
[Round "8.4"]
[White "Solomonik, Edgar"]
[Black "Jones, James"]
[Result "0-1"]
[WhiteElo "1651"]
[BlackElo "2042"]
[PlyCount "63"]
[EventDate "2012.??.??"]

1. d4 c5 2. d5 Nf6 3. c4 Ne4 4. Qc2 Qa5+ 5. Nd2 Nf6 6. e4 d6 7. Bd3 g6 8. Ne2
Na6 9. O-O Nb4 10. Qc3 Bg7 11. f4 O-O 12. e5 dxe5 13. fxe5 Ng4 14. Nf3 Qc7 15.
Bf4 Nxd3 16. Qxd3 Nxe5 17. Qe4 Nxf3+ 18. Rxf3 Qd8 19. Ng3 Bxb2 20. Re1 Bd4+ 21.
Kh1 Qa5 22. Be5 Bg4 23. Bxd4 Bxf3 24. gxf3 cxd4 25. Rg1 Qc3 26. Nf5 d3 27. Rd1
gxf5 28. Qxf5 Kh8 29. Rxd3 Qa1+ 30. Kg2 Rg8+ 31. Kh3 Qg7 32. f4 0-1

[Event "Mechanics' Fall TNM; 30/90, SD/30"]
[Site "San Francisco"]
[Date "2012.11.27"]
[Round "7.7"]
[White "Solomonik, Edgar"]
[Black "LaCounte, Brendan"]
[Result "1-0"]
[WhiteElo "1651"]
[BlackElo "1924"]
[PlyCount "105"]
[EventDate "2012.??.??"]

1. d4 e6 2. c4 f5 3. g3 Nf6 4. Bg2 d5 5. Nc3 c6 6. Qd3 Bd6 7. c5 Be7 8. Nf3 O-O
9. O-O Ne4 10. Rb1 a5 11. a3 b5 12. cxb6 Qxb6 13. Be3 Nd7 14. Rfc1 c5 15. Na4
Qa6 16. Nxc5 Ndxc5 17. dxc5 Bd7 18. Qxa6 Rxa6 19. b4 Rb8 20. Bf4 Rb7 21. Nd4
axb4 22. axb4 Nxc5 23. bxc5 Rxb1 24. Rxb1 Bxc5 25. Be5 Kf7 26. e3 Ba4 27. Rb7+
Ke8 28. Bf1 Ra5 29. Bb5+ Bxb5 30. Rxb5 Rxb5 31. Nxb5 g6 32. Nd4 Ke7 33. Kg2 Kf7
34. Kf3 g5 35. g4 fxg4+ 36. Kxg4 Be7 37. Nc6 Bf8 38. Kxg5 Ba3 39. Kh6 Kg8 40.
Nd8 Bb4 41. Nxe6 Be1 42. Bg3 Bd2 43. Be5 Be1 44. f4 Bf2 45. Bd4 Bg1 46. h3 Bh2
47. Nc7 Kf7 48. Kxh7 Bg3 49. Nxd5 Ke6 50. e4 Kf7 51. Kh6 Bh4 52. Kh5 Bd8 53.
Bb6 1-0

[Event "Mechanics' Spring TNM; 30/90, SD/30"]
[Site "San Francisco"]
[Date "2012.05.01"]
[Round "8.9"]
[White "Solomonik, Edgar"]
[Black "Margulis, Igor"]
[Result "0-1"]
[WhiteElo "1562"]
[BlackElo "2100"]
[PlyCount "52"]
[EventDate "2012.??.??"]

1. e4 c5 2. c3 d5 3. exd5 Qxd5 4. Nf3 Nc6 5. Bb5 a6 6. Bxc6+ Qxc6 7. d4 Nf6 8.
O-O Bg4 9. Ne5 Bxd1 10. Nxc6 Bh5 11. Na5 cxd4 12. Nxb7 dxc3 13. Nxc3 e6 14. Bf4
Bb4 15. Be5 Nd7 16. Bxg7 Rg8 17. a3 Rxg7 18. axb4 Bf3 19. Nd6+ Ke7 20. Rfd1
Bxg2 21. Nde4 Bxe4+ 22. Kf1 Bc6 23. b5 axb5 24. Rxa8 Bxa8 25. Nxb5 Bd5 26. Ke2
Bc4+ 0-1

[Event "Mechanics' Fall TNM; 30/90, SD/30"]
[Site "San Francisco"]
[Date "2012.10.30"]
[Round "3.23"]
[White "Solomonik, Edgar"]
[Black "Rakonitz, David"]
[Result "1-0"]
[WhiteElo "1651"]
[BlackElo "1479"]
[PlyCount "77"]
[EventDate "2012.??.??"]

1. d4 Nf6 2. c4 e6 3. Nc3 Bb4 4. a3 Bxc3+ 5. bxc3 c5 6. e3 Nc6 7. Nf3 d6 8. Qc2
e5 9. d5 Na5 10. Bd3 b6 11. e4 h6 12. O-O O-O 13. Ne1 Ba6 14. Qe2 Nb3 15. Rb1
Nxc1 16. Rxc1 Bc8 17. h3 Bd7 18. Nc2 Rb8 19. Ne3 a6 20. Rb1 Qe8 21. Rb2 b5 22.
Rfb1 Kh8 23. Nc2 Kg8 24. cxb5 axb5 25. c4 Qd8 26. cxb5 Qa5 27. a4 Rb6 28. Ra1
Rfb8 29. Na3 R6b7 30. Nc4 Qa7 31. b6 Rxb6 32. Nxb6 Rxb6 33. Rxb6 Qxb6 34. a5
Qa7 35. a6 Ne8 36. Bb5 Bxb5 37. Qxb5 Qe7 38. a7 Nc7 39. Qb7 1-0

[Event "Mechanics' Spring TNM; 30/90, SD/30"]
[Site "San Francisco"]
[Date "2012.03.27"]
[Round "3.18"]
[White "Solomonik, Edgar"]
[Black "de Lenea, Digne"]
[Result "0-1"]
[WhiteElo "1562"]
[BlackElo "1873"]
[PlyCount "88"]
[EventDate "2012.??.??"]

1. d4 Nf6 2. c4 c5 3. d5 b5 4. cxb5 a6 5. bxa6 g6 6. Nc3 Bxa6 7. e4 Bxf1 8.
Kxf1 d6 9. g4 Qd7 10. h3 Bg7 11. Kg2 O-O 12. g5 Nh5 13. Nge2 f5 14. gxf6 Rxf6
15. e5 dxe5 16. Ne4 Rf8 17. Nxc5 Qf5 18. Be3 Qf3+ 19. Kg1 Bh6 20. Qd3 Bxe3 21.
Qxe3 Qxd5 22. Nc3 Qf7 23. Rh2 Nf4 24. Qxe5 Nc6 25. Qg5 Nd4 26. Qg4 h5 27. Qd1
Rad8 28. Kh1 Nfe2 29. Nxe2 Qf3+ 30. Rg2 Qxh3+ 31. Rh2 Qf3+ 32. Rg2 Nxe2 33.
Qb3+ Qxb3 34. Nxb3 Nf4 35. Rg3 Nd3 36. Rxg6+ Kh7 37. Re6 Nxf2+ 38. Kg2 Rf7 39.
Rf1 Rg8+ 40. Kh2 Ng4+ 41. Kg1 Ne3+ 42. Kh2 Nxf1+ 43. Kh1 Rf2 44. Rxe7+ Kh8 0-1

[Event "Mechanics' Winter TNM; 30/90, SD/30"]
[Site "San Francisco"]
[Date "2012.01.31"]
[Round "5.17"]
[White "Soul, Rob"]
[Black "Curto, Barry"]
[Result "0-1"]
[WhiteElo "1320"]
[BlackElo "1900"]
[PlyCount "96"]
[EventDate "2012.??.??"]

1. e4 c6 2. d4 d5 3. Nc3 dxe4 4. Nxe4 Nd7 5. Nf3 Ngf6 6. Ng3 Qc7 7. Bd3 e6 8.
O-O c5 9. Qe2 Bd6 10. Nf5 O-O 11. Nxd6 Qxd6 12. Rd1 b6 13. dxc5 Qxc5 14. Be3
Qe7 15. Bg5 Bb7 16. Ne5 Qc5 17. Bf4 Nxe5 18. Bxe5 Rfd8 19. Rd2 Rd5 20. Bxf6
gxf6 21. Rad1 Rg5 22. Be4 Re5 23. Qg4+ Rg5 24. Qf3 Bxe4 25. Qxe4 Rc8 26. c3 Re5
27. Qb7 Rf5 28. Rf1 Qc7 29. Rd7 Qxb7 30. Rxb7 Re5 31. Rxa7 Re2 32. Rb1 Rd8 33.
Rb7 Rdd2 34. Rxb6 Rxf2 35. Kh1 Rxg2 36. Rg1 Rxg1+ 37. Kxg1 e5 38. Rxf6 Rxb2 39.
Rf2 Rb1+ 40. Kg2 Rc1 41. a4 Ra1 42. c4 Rxa4 43. Rc2 Kf8 44. Kf3 f5 45. Ke3 Ke7
46. Kd3 Ra3+ 47. Kd2 Rh3 48. Kc1 Kd6 0-1

[Event "Mechanics' Winter TNM; 30/90, SD/30"]
[Site "San Francisco"]
[Date "2012.01.24"]
[Round "4.25"]
[White "Soul, Rob"]
[Black "Nelson, Christopher"]
[Result "1-0"]
[WhiteElo "1320"]
[BlackElo "1551"]
[PlyCount "69"]
[EventDate "2012.??.??"]

1. e4 e5 2. Nf3 Nc6 3. Bc4 Bc5 4. c3 Nf6 5. d4 exd4 6. cxd4 Bb4+ 7. Bd2 Qe7 8.
O-O O-O 9. e5 Ne4 10. Bxb4 Qxb4 11. Qc2 b5 12. Bd5 Nxd4 13. Nxd4 Qxd4 14. Bxe4
c6 15. Nd2 f5 16. exf6 Rxf6 17. Nf3 Qb6 18. Bxh7+ Kh8 19. Ng5 Bb7 20. Bg8 Rh6
21. Nf7+ Kxg8 22. Nxh6+ gxh6 23. Qg6+ Kf8 24. Qxh6+ Ke7 25. Rae1+ Kd8 26. Qf8+
Kc7 27. Re8 Rxe8 28. Qxe8 c5 29. Rc1 c4 30. b3 Qc5 31. Qe3 Qd5 32. f3 Kd8 33.
bxc4 bxc4 34. h4 Qa5 35. Qg5+ 1-0